000 01220pam a2200349 a 4500
001 1508109
003 OSt
005 20140310182127.0
008 890525s1989 vtua j b 001 0 eng
010 _a 89014724
020 _a091358942X :
_c$12.95
040 _aDLC
_cDLC
_dDLC
042 _alcac
050 0 0 _aQH 51
_b.M57 1989
082 0 0 _aHS 650
_bM637 1989
100 1 _aMilord, Susan.
_914436
245 1 4 _aThe kids' nature book :
_b365 indoor/outdoor activities and experiences /
_cSusan Milord.
260 _aCharlotte, VT :
_bWilliamson Pub.,
_cc1989.
300 _a158 p. :
_bill. ;
_c22 cm.
500 _aIncludes bibliographical references (p. 144) and index.
520 _aSuggests activities, poems, and stories to explore nature throughout the year.
521 _a
526 _c
650 0 _aNature study
_xJuvenile literature.
_914437
650 0 _aNatural history
_xOutdoor books
_xJuvenile literature.
_914438
650 1 _aNature study.
_9959
650 1 _aNatural history
_xOutdoor books.
_914439
906 _a7
_bcbu
_corignew
_d1
_eocip
_f19
_gy-gencatlg
942 _2lcc
_cHS
_k
999 _c9635
_d9635